|
|
|
|
| LEADER |
00000nab a2200000 a 4500 |
| 001 |
vtls000893385 |
| 003 |
SK-MaSNL |
| 005 |
20260303224404.0 |
| 008 |
040720e19950531xo 0 slo |
| 035 |
|
|
|a KE2420
|
| 040 |
|
|
|a KEVKJB
|b slo
|c KEVKJB
|e AACR2
|
| 041 |
0 |
|
|a slo
|
| 044 |
|
|
|a xo
|c SK
|
| 080 |
|
|
|a 78.071.2
|2 1981
|
| 080 |
|
|
|a 069.6.02
|2 1981
|
| 080 |
|
|
|a 73/76
|2 1981
|
| 100 |
0 |
|
|a la
|4 aut
|9 862446
|
| 245 |
1 |
0 |
|a Mladý huslista s veľkou perspektívou
|b Štefan Eperješi hral v Múzeu V. Löfflera
|
| 590 |
|
|
|a Eperješi, Štefan
|b huslista
|
| 600 |
1 |
7 |
|a Eperješi, Štefan
|2 KEVKJB
|9 339146
|
| 610 |
2 |
7 |
|a Múzeum Vojtecha Löfflera
|2 KEVKJB
|9 234955
|
| 650 |
0 |
7 |
|a hudba
|2 KEVKJB
|9 1063
|
| 650 |
0 |
7 |
|a hudobné koncerty
|2 KEVKJB
|9 60029
|
| 650 |
0 |
7 |
|a infromácie
|2 KEVKJB
|9 884862
|
| 651 |
|
7 |
|a KE,
|2 KEVKJB
|9 877256
|
| 651 |
|
7 |
|a KE,
|2 KEVKJB
|9 877256
|
| 655 |
|
7 |
|a periodikum
|2 snkbucl
|9 29553
|
| 710 |
2 |
|
|a Múzeum Vojtecha Löfflera
|4 aut
|9 234955
|
| 773 |
0 |
8 |
|t Košický večer
|g Roč. 6
|g Roč. 28, č.104, 31.5.1995, s. 3
|
| 852 |
|
|
|a ZVYKNI
|b KIS3GCP
|
| 999 |
|
|
|c 2252004
|d 2253934
|